Normal view MARC view
  • Abu Abdullah Abdul Ghani

Entry Personal Name

Number of records used in: 1

001 - CONTROL NUMBER

  • control field: 2330

003 - CONTROL NUMBER IDENTIFIER

  • control field: OSt

005 - DATE AND TIME OF LATEST TRANSACTION

  • control field: 20170508142329.0

008 - FIXED-LENGTH DATA ELEMENTS

  • fixed length control field: 170508|| aca||aabn | a|a d

040 ## - CATALOGING SOURCE

  • Original cataloging agency: OSt
  • Transcribing agency: OSt

100 ## - HEADING--PERSONAL NAME

  • Personal name: Abu Abdullah Abdul Ghani

670 ## - SOURCE DATA FOUND

  • Source citation: Work cat.: (OSt)0: Abu Abdullah Abdul Ghani, Nasihat untuk orang sakit /, 1999
Pusat Sumber Maklumat Dato' Haji Sarmin Md Hussin, Akademi Kastam Diraja Malaysia, Melaka
Tel: 06-2331106 | Faks: 06-2313787